טוען...
Bhranthalayam /
| מחבר ראשי: | |
|---|---|
| פורמט: | Printed Book |
| שפה: | Malayalam |
| יצא לאור: |
S.P.C.S. ,
1949.
|
| LEADER | 00362nam a2200121Ia 4500 | ||
|---|---|---|---|
| 008 | 150624b xxu||||| |||| 00| | mal d | ||
| 100 | |a Kesavadev, P. | ||
| 245 | |c P. Kesavadev |a Bhranthalayam / | ||
| 260 | |b S.P.C.S. , |c 1949. | ||
| 546 | |a In Malayalam. | ||
| 942 | |c BK | ||
| 999 | |c 70249 |d 70249 | ||
| 952 | |0 1 |1 0 |4 0 |7 0 |9 70226 |a UL |b UL |c ST1 |d 1998-09-15 |l 0 |p 106 |r 2012-10-27 |w 2012-10-27 |y BK | ||